UM Logo

Global dialectics in intercultural communication : (Record no. 11251)

MARC details
000 -LEADER
fixed length control field 00690nam a22001817a 4500
008 - FIXED-LENGTH DATA ELEMENTS--GENERAL INFORMATION
fixed length control field 181023b ||||| |||| 00| 0 eng d
020 ## - INTERNATIONAL STANDARD BOOK NUMBER
International Standard Book Number 978-1-4331-3224-7
082 ## - DEWEY DECIMAL CLASSIFICATION NUMBER
Edition number 2018
Classification number DC 303.482
Item number G510
245 ## - TITLE STATEMENT
Title Global dialectics in intercultural communication :
Remainder of title case studies /
Statement of responsibility, etc. edited by Jolanta A. Drzewiecka and Thomas K. Nakayama
260 ## - PUBLICATION, DISTRIBUTION, ETC. (IMPRINT)
Place of publication, distribution, etc. New York:
Name of publisher, distributor, etc. Peter Lang,
Date of publication, distribution, etc. ©2018.
300 ## - PHYSICAL DESCRIPTION
Extent xviii, 301 pages:
Other physical details illustrations;
Dimensions 22 cm.
500 ## - GENERAL NOTE
General note Includes bibliographical references.
650 ## - SUBJECT ADDED ENTRY--TOPICAL TERM
Topical term or geographic name as entry element Intercultural communication
9 (RLIN) 32390
700 ## - ADDED ENTRY--PERSONAL NAME
Personal name Nakayama, Thomas K., editor
9 (RLIN) 32391
700 ## - ADDED ENTRY--PERSONAL NAME
Personal name Drzewiecka, Jolanta A., editor
9 (RLIN) 32392
365 ## - TRADE PRICE
Price amount 4,495.00
Currency code Php.
942 ## - ADDED ENTRY ELEMENTS (KOHA)
Source of classification or shelving scheme Dewey Decimal Classification
Koha item type Circulation
Holdings
Withdrawn status Lost status Source of classification or shelving scheme Damaged status Not for loan Collection code Home library Current library Date acquired Source of acquisition Cost, normal purchase price Total Checkouts Full call number Barcode Date last seen Copy number Price effective from Koha item type
    Dewey Decimal Classification     Circulation UM Digos College - LIC UM Digos College - LIC 08/16/2018 Purchased 4495.00   DC 303.482 G510 2018 25301 05/15/2025 1 10/23/2018 Circulation